| 000 | 00812cam a2200265 a 4500 | ||
|---|---|---|---|
| 001 | 1574 | ||
| 005 | 20250731134221.0 | ||
| 020 | _a9780439387866 | ||
| 040 |
_aDLC _beng _cDLC _dDLC |
||
| 050 | 0 | 0 |
_aPZ7.D1515 _bBf 1982b |
| 082 | 0 | 0 |
_a823.914 _219 |
| 100 | 1 | _aDahl, Roald | |
| 245 | 1 | 4 |
_aThe BFG _cRoald Dahl ; illustrations by Quentin Blake. |
| 260 |
_aLondon : _bScholastic, _c1982 |
||
| 300 |
_a207 pages : _billustrations ; _c20 cm |
||
| 505 | _aR | ||
| 520 | _aKidsnatched from her orphanage by a BFG from nine other man-gobbling cannybull giants. | ||
| 521 |
_a720
_bLexile |
||
| 521 |
_aR
_bRaz-Plus |
||
| 650 | 1 |
_aGiants _vFiction. |
|
| 650 | 1 |
_aOrphans _vFiction. |
|
| 700 | 1 |
_aBlake, Quentin _eillustrator |
|
| 906 |
_a7 _bcbc _corignew _d3 _encip _f19 _gy-gencatlg |
||
| 942 |
_2ddc _cBK _n0 |
||
| 999 |
_c1574 _d1574 |
||